[Event "49th Ilmar Raud Memorial"]
[Site "Viljandi"]
[Date "2015.07.02"]
[Round "6.12"]
[White "Vovk, Ilja"]
[Black "Dragun, Valentin"]
[Result "1/2-1/2"]
[WhiteElo "2283"]
[BlackElo "2099"]
[PlyCount "119"]
[EventDate "2015.??.??"]
[EventCountry "EST"]

1. f4 Nf6 2. Nf3 g6 3. g3 Bg7 4. Bg2 O-O 5. O-O d5 6. d3 c6 7. e3 Nbd7 8. Nc3
Qc7 9. e4 dxe4 10. dxe4 e5 11. f5 b5 12. Nh4 b4 13. Na4 Bb7 14. b3 c5 15. Re1
Rfd8 16. Qe2 Nb6 17. Nxb6 axb6 18. Bf3 Rd4 19. Qg2 Rad8 20. fxg6 hxg6 21. Bg5
Qc6 22. Rf1 R8d6 23. Rae1 Qe8 24. Be3 Rxe4 25. Bxe4 Nxe4 26. Qe2 Qd7 27. Nf3
Nc3 28. Qc4 e4 29. Nh4 Bd5 30. Qa6 b5 31. Qa5 Rc6 32. Ng2 Qd6 33. Qa7 Bf8 34.
Bf4 Qe6 35. Qb8 f6 36. Be3 g5 37. Bxg5 Rc8 38. Qf4 fxg5 39. Qxg5+ Bg7 40. Nf4
Qd6 41. Nh5 Qh6 42. Nf6+ Kh8 43. Qxh6+ Bxh6 44. Nxd5 Nxd5 45. Rxe4 Ne3 46. Rf6
Bg7 47. Rb6 Rf8 48. Rf4 Rd8 49. Kf2 Nxc2 50. Rh4+ Kg8 51. Rg4 Kf8 52. Rb7 Be5
53. Re4 Bc3 54. h4 Bd4+ 55. Kf3 c4 56. Rxb5 c3 57. Rf5+ Kg8 58. Rg4+ Bg7 59.
Rc5 Rd3+ 60. Kf4 1/2-1/2

[Event "49th Ilmar Raud Memorial"]
[Site "Viljandi"]
[Date "2015.07.02"]
[Round "6.13"]
[White "Jezov, Roman"]
[Black "Tominga, Eke"]
[Result "1/2-1/2"]
[WhiteElo "2258"]
[BlackElo "2036"]
[PlyCount "113"]
[EventDate "2015.??.??"]
[EventCountry "EST"]

1. e4 e5 2. Nf3 Nc6 3. Nc3 Nf6 4. Bb5 Bb4 5. O-O O-O 6. d3 d6 7. Ne2 Ne7 8. c3
Ba5 9. Ng3 c6 10. Ba4 Ng6 11. d4 Be6 12. Bc2 Re8 13. h3 h6 14. Re1 Qd7 15. Bd2
Rad8 16. Qc1 Bc7 17. a4 d5 18. exd5 Bxd5 19. Bf5 Qd6 20. Bxg6 Bxf3 21. Bc2 Bd5
22. Nf5 Qf8 23. Nxh6+ (23. c4 $3 Bxc4 24. Nxg7 $18) 23... Kh8 24. Bg5 exd4 25.
Rxe8 Rxe8 26. Bxf6 gxf6 27. cxd4 Qg7 28. g4 Qg5 29. Qxg5 fxg5 30. Nf5 Bf4 31.
Bd3 a5 32. Kf1 b6 33. Ne3 Bxe3 34. Re1 Bb3 35. fxe3 Bxa4 36. Ke2 Bb3 37. Rc1
Bd5 38. Bc4 Kg7 39. Bxd5 cxd5 40. Rc6 Re6 41. Rc8 Rh6 42. Rd8 Rxh3 43. Kd3 Rg3
44. Rxd5 Rxg4 45. Rb5 Rg1 46. Ke4 a4 47. Rxb6 Rf1 48. Rc6 Rf2 49. Ra6 Rxb2 50.
Rxa4 Rb5 51. d5 f6 52. Ra7+ Kg6 53. Kd4 Kf5 54. e4+ Kf4 55. Rf7 Rb4+ 56. Kc5
Rb1 57. Rxf6+ 1/2-1/2

[Event "49th Ilmar Raud Memorial"]
[Site "Viljandi"]
[Date "2015.07.02"]
[Round "6.14"]
[White "Vahtra, Tuuli"]
[Black "Dubrovin, Robert"]
[Result "1/2-1/2"]
[WhiteElo "2025"]
[BlackElo "2230"]
[PlyCount "147"]
[EventDate "2015.??.??"]
[EventCountry "EST"]

1. f4 d5 2. Nf3 g6 3. e3 Bg7 4. d4 Nh6 5. b3 c5 6. Bb2 O-O 7. Be2 Nd7 8. O-O
Qc7 9. Ne5 Nf6 10. c4 Nf5 11. Qd3 cxd4 12. exd4 dxc4 13. bxc4 Rd8 14. Nd2 Nd7
15. Nxd7 Qxd7 16. Nf3 Nxd4 17. Rad1 Nxf3+ 18. Qxf3 Qc7 19. Bxg7 Kxg7 20. Qc3+
Kg8 21. Rxd8+ Qxd8 22. Rd1 Qe8 23. Bf3 Be6 24. Bxb7 Rb8 25. Qa5 Bxc4 26. Qxa7
Bxa2 27. Bc6 Qc8 28. Rc1 Bd5 29. Qxe7 Bxc6 30. Qf6 Qc7 31. Qxc6 Qxf4 32. Qc3
Re8 33. Rf1 Qd6 34. Qc4 Re6 35. Qc8+ Kg7 36. Qc3+ Qe5 37. Qxe5+ Rxe5 38. h3 h5
39. h4 Re4 40. g3 Re2 41. Ra1 Kf6 42. Ra7 Ke6 43. Ra5 f6 44. Rb5 Ra2 45. Kf1
Kd6 46. Kg1 Rd2 47. Ra5 Ke6 48. Kf1 Rc2 49. Kg1 Kd6 50. Kf1 Rc5 51. Ra6+ Ke5
52. Kf2 Kf5 53. Ra4 Rc2+ 54. Kf3 Rc3+ 55. Kf2 g5 56. hxg5 Kxg5 57. Kg2 f5 58.
Ra8 Rc2+ 59. Kf3 Rc3+ 60. Kg2 Rc6 61. Ra4 Re6 62. Ra8 Re4 63. Rg8+ Kh6 64. Rh8+
Kg6 65. Rg8+ Kf6 66. Rf8+ Ke5 67. Rh8 Re2+ 68. Kf3 Rh2 69. Re8+ Kf6 70. Rf8+
Kg6 71. Rg8+ Kf7 72. Ra8 h4 73. g4 Rh3+ 74. Kf4 1/2-1/2

[Event "49th Ilmar Raud Memorial"]
[Site "Viljandi"]
[Date "2015.07.02"]
[Round "6.15"]
[White "Vorobjov, Pavel"]
[Black "Garanin, Aleksei"]
[Result "1-0"]
[WhiteElo "2201"]
[BlackElo "1902"]
[PlyCount "79"]
[EventDate "2015.??.??"]
[EventCountry "EST"]

1. b3 e5 2. Bb2 d6 3. e3 g6 4. d4 Nd7 5. Nf3 Bg7 6. Be2 Ne7 7. c4 O-O 8. Nc3 c6
9. O-O c5 10. dxc5 Nxc5 11. Qd2 Qb6 12. Rfd1 Rd8 13. Ba3 Bf5 14. Rac1 Rd7 15.
b4 Na6 16. e4 Be6 17. Nd5 Bxd5 18. exd5 Qd8 19. Bb2 Nc7 20. a4 a5 21. b5 Nf5
22. Rb1 b6 23. Bd3 Bh6 24. Qe1 Ng7 25. g3 f5 26. Bf1 Nh5 27. Bh3 Ne8 28. Nd2
Bg7 29. Qe2 Rf7 30. Bg2 Nef6 31. c5 bxc5 32. Nc4 e4 33. b6 Ne8 34. Bxg7 Rxg7
35. Rb5 Rb7 36. Rdb1 Nhf6 37. Nxa5 Rxa5 38. Rxa5 Nxd5 39. Qc4 Nef6 40. Rd1 1-0

[Event "49th Ilmar Raud Memorial"]
[Site "Viljandi"]
[Date "2015.07.02"]
[Round "6.16"]
[White "Shishkov, Andrei"]
[Black "Narva, Regina"]
[Result "1-0"]
[WhiteElo "2387"]
[BlackElo "2007"]
[PlyCount "71"]
[EventDate "2015.??.??"]
[EventCountry "EST"]

1. d4 Nf6 2. c4 g6 3. Nc3 Bg7 4. e4 d6 5. f3 b6 6. Be3 c5 7. Nge2 a6 8. Qd2 Nc6
9. d5 Ne5 10. Ng3 h5 11. Be2 h4 12. Nf1 h3 13. g3 Rb8 14. a4 Bd7 15. Bg5 Kf8
16. Kf2 b5 17. axb5 axb5 18. cxb5 c4 19. Be3 Bxb5 20. Ba7 Rb7 21. Ne3 Bd7 22.
Ra2 Bh6 23. Bd4 Qc7 24. Rc1 Rb3 25. Qd1 Qb7 26. Rc2 Bxe3+ 27. Kxe3 Bb5 28. Rd2
Kg7 29. f4 Ned7 30. Bf3 e5 31. dxe6 fxe6 32. Bxf6+ Nxf6 33. Rxd6 Bc6 34. Qd4
Ra8 35. Rxa8 Qxa8 36. Rxe6 1-0

[Event "49th Ilmar Raud Memorial"]
[Site "Viljandi"]
[Date "2015.07.02"]
[Round "6.17"]
[White "Narva, Mai"]
[Black "Lauk, Ular"]
[Result "1/2-1/2"]
[WhiteElo "2252"]
[BlackElo "2383"]
[PlyCount "20"]
[EventDate "2015.??.??"]
[EventCountry "EST"]

1. e4 c5 2. Nf3 Nc6 3. d4 cxd4 4. Nxd4 Qb6 5. Nb3 Nf6 6. Nc3 e6 7. Bd3 a6 8.
Bf4 d6 9. O-O Be7 10. Nd2 Ne5 1/2-1/2

[Event "49th Ilmar Raud Memorial"]
[Site "Viljandi"]
[Date "2015.07.02"]
[Round "6.19"]
[White "Lumiste, Rene"]
[Black "Maasik, Liisa"]
[Result "1-0"]
[WhiteElo "1889"]
[BlackElo "1487"]
[PlyCount "133"]
[EventDate "2015.??.??"]
[EventCountry "EST"]

1. e4 e6 2. d4 d5 3. Nc3 Nf6 4. Bg5 Bb4 5. e5 h6 6. Bd2 Bxc3 7. bxc3 Ne4 8. Bd3
Nxd2 9. Qxd2 b6 10. f4 c5 11. Nf3 Nc6 12. O-O c4 13. Be2 Bd7 14. Qe1 Ne7 15.
Nd2 Nf5 16. Bg4 Ne7 17. Bf3 Rb8 18. g4 g5 19. Be2 Ng6 20. f5 Nf4 21. f6 Ba4 22.
Bd1 Kd7 23. Nf3 Qg8 24. Qd2 Qh7 25. Qc1 Rb7 26. Kf2 Qg6 27. h4 Kc8 28. Rh1 Rg8
29. hxg5 hxg5 30. Kg3 Qe4 31. Re1 Qh7 32. Nxg5 Rxg5 33. Qxf4 Rg6 34. Bf3 Bxc2
35. Rh1 Qg8 36. Rh2 Bd3 37. Rah1 Qf8 38. Rh8 Rg8 39. Rxg8 Qxg8 40. Qh6 Rb8 41.
Qg7 Kb7 42. Qxg8 Rxg8 43. Kf4 a5 44. g5 Kc6 45. Bh5 Rf8 46. Rg1 Kb5 47. Bxf7
Rxf7 48. g6 Bxg6 49. Rxg6 Ka4 50. Rg7 Rf8 51. Re7 Ka3 52. Rxe6 b5 53. Rd6 b4
54. cxb4 axb4 55. Rxd5 Kxa2 56. Rc5 c3 57. d5 Kb2 58. d6 c2 59. d7 b3 60. e6
c1=Q+ 61. Rxc1 Kxc1 62. e7 Rxf6+ 63. Kg5 b2 64. e8=Q Rf5+ 65. Kg4 b1=Q 66. Qe1+
Kb2 67. Qxb1+ 1-0

[Event "49th Ilmar Raud Memorial"]
[Site "Viljandi"]
[Date "2015.07.02"]
[Round "6.20"]
[White "Sinitsina, Anastassia"]
[Black "Ivanov, Platon-Jaan"]
[Result "0-1"]
[WhiteElo "1673"]
[BlackElo "1853"]
[PlyCount "50"]
[EventDate "2015.??.??"]
[EventCountry "EST"]

1. e4 c6 2. d4 d5 3. Nc3 dxe4 4. Nxe4 Bf5 5. Ng3 Bg6 6. h4 h6 7. Nf3 Nd7 8. h5
Bh7 9. Bd3 Bxd3 10. Qxd3 Ngf6 11. Bf4 Qa5+ 12. Bd2 Qc7 13. O-O-O e6 14. Ne4
O-O-O 15. g3 Nxe4 16. Qxe4 Nf6 17. Qe2 Bd6 18. c4 Rhe8 19. Kb1 c5 20. Bc3 cxd4
21. Nxd4 a6 22. Nb3 Qc6 23. c5 Bf8 24. Bxf6 gxf6 25. Nd4 Rxd4 0-1

[Event "49th Ilmar Raud Memorial"]
[Site "Viljandi"]
[Date "2015.07.03"]
[Round "7.1"]
[White "Seeman, Tarvo"]
[Black "Neiksans, Arturs"]
[Result "1/2-1/2"]
[WhiteElo "2414"]
[BlackElo "2600"]
[PlyCount "25"]
[EventDate "2015.??.??"]
[EventCountry "EST"]

1. Nf3 Nf6 2. c4 e6 3. g3 b6 4. Bg2 Bb7 5. O-O Be7 6. b3 O-O 7. Bb2 d5 8. e3 c5
9. Nc3 dxc4 10. bxc4 Nc6 11. Qe2 Qd7 12. Rfd1 Rac8 13. d4 1/2-1/2

[Event "49th Ilmar Raud Memorial"]
[Site "Viljandi"]
[Date "2015.07.03"]
[Round "7.2"]
[White "Aleksandrov, Aleksej"]
[Black "Blomqvist, Erik"]
[Result "0-1"]
[WhiteElo "2607"]
[BlackElo "2509"]
[PlyCount "72"]
[EventDate "2015.??.??"]
[EventCountry "EST"]

1. d4 d5 2. c4 c6 3. Nf3 Nf6 4. e3 Bg4 5. Nc3 e6 6. Qb3 Qb6 7. Nh4 Bh5 8. h3
Na6 9. g4 Qxb3 10. axb3 Nb4 11. Kd1 Bg6 12. Nxg6 hxg6 13. f3 b6 14. Bd2 Be7 15.
Be2 g5 16. Rc1 O-O-O 17. Na4 dxc4 18. bxc4 e5 19. dxe5 Nd7 20. f4 gxf4 21. exf4
Nxe5 22. Rc3 Rd4 23. fxe5 Bg5 24. Rf3 Rxd2+ 25. Ke1 Nc2+ 26. Kf1 Ne3+ 27. Kf2
Nxg4+ 28. Ke1 Nxe5 29. Rf5 Re8 30. Kf1 Bh4 31. Rh2 Kb8 32. Kg1 g6 33. Rf1 f5
34. b3 Red8 35. Rg2 R8d4 36. Nc3 Rc2 0-1

[Event "49th Ilmar Raud Memorial"]
[Site "Viljandi"]
[Date "2015.07.03"]
[Round "7.3"]
[White "Ladva, Ottomar"]
[Black "Miezis, Normunds"]
[Result "1/2-1/2"]
[WhiteElo "2434"]
[BlackElo "2508"]
[PlyCount "103"]
[EventDate "2015.??.??"]
[EventCountry "EST"]

1. d4 Nf6 2. c4 e5 3. dxe5 Ng4 4. Bf4 Nc6 5. Nf3 Bb4+ 6. Nbd2 Qe7 7. e3 Ngxe5
8. Nxe5 Nxe5 9. Be2 O-O 10. O-O Bxd2 11. Qxd2 d6 12. Rfd1 a5 13. b3 b6 14. a3
Be6 15. Qc3 f6 16. b4 axb4 17. axb4 Bf7 18. Bg3 Qe6 19. c5 bxc5 20. bxc5 d5 21.
h3 Qe7 22. Rdb1 h5 23. Ra5 Rfd8 24. Rb7 Rdc8 25. Bf1 Be8 26. Kh2 Bc6 27. Rba7
Rab8 28. Ba6 Rd8 29. Be2 Be8 30. Ra1 Bf7 31. Qa5 Rd7 32. Qa4 Rdd8 33. Qd1 g6
34. Qd4 g5 35. h4 g4 36. R1a6 Rbc8 37. Rxf6 Qxf6 38. Bxe5 Qxf2 39. Bxg4 hxg4
40. Qxg4+ Kf8 41. Ra6 c6 42. Ra7 Ke8 43. h5 Ra8 44. Rb7 d4 45. Bd6 Rxd6 46.
cxd6 Qf6 47. Qxd4 Qxd4 48. exd4 Bxh5 49. d5 cxd5 50. Rh7 Ra6 51. d7+ Kd8 52.
Rxh5 1/2-1/2

[Event "49th Ilmar Raud Memorial"]
[Site "Viljandi"]
[Date "2015.07.03"]
[Round "7.4"]
[White "Kveinys, Aloyzas"]
[Black "Meskovs, Nikita"]
[Result "1/2-1/2"]
[WhiteElo "2486"]
[BlackElo "2451"]
[PlyCount "30"]
[EventDate "2015.??.??"]
[EventCountry "EST"]

1. d4 Nf6 2. c4 g6 3. Nf3 Bg7 4. g3 O-O 5. Bg2 d5 6. cxd5 Nxd5 7. O-O c5 8.
dxc5 Na6 9. Ng5 e6 10. Ne4 Bd7 11. Nbc3 Bc6 12. Bd2 Nxc3 13. Nxc3 Bxg2 14. Kxg2
Nxc5 15. Rc1 Rc8 1/2-1/2

[Event "49th Ilmar Raud Memorial"]
[Site "Viljandi"]
[Date "2015.07.03"]
[Round "7.5"]
[White "Kulaots, Kaido"]
[Black "Krupenski, Juri"]
[Result "1/2-1/2"]
[WhiteElo "2574"]
[BlackElo "2339"]
[PlyCount "46"]
[EventDate "2015.??.??"]
[EventCountry "EST"]

1. e4 c5 2. Nf3 d6 3. d4 cxd4 4. Nxd4 Nf6 5. Nc3 a6 6. h3 e5 7. Nde2 h5 8. Ng1
Nbd7 9. a4 b6 10. Nf3 Nc5 11. Bg5 Bb7 12. Nd2 Rc8 13. Be2 h4 14. O-O Ne6 15.
Bxf6 gxf6 16. Bg4 Rc5 17. Re1 Bh6 18. Nb3 Rc4 19. Qd3 Qc7 20. Be2 Rb4 21. Nd5
Bxd5 22. Qxd5 Ke7 23. Bg4 Nf4 1/2-1/2

[Event "49th Ilmar Raud Memorial"]
[Site "Viljandi"]
[Date "2015.07.03"]
[Round "7.6"]
[White "Soot, Margus"]
[Black "Ehlvest, Jaan"]
[Result "0-1"]
[WhiteElo "2101"]
[BlackElo "2545"]
[PlyCount "64"]
[EventDate "2015.??.??"]
[EventCountry "EST"]

1. c4 b6 2. Nc3 Bb7 3. Nf3 Nf6 4. d4 e6 5. Bg5 h6 6. Bh4 d6 7. Qc2 Nbd7 8. e4
g5 9. Bg3 Nh5 10. Be2 Bg7 11. O-O-O a6 12. Rhe1 O-O 13. e5 g4 14. Bh4 Qe8 15.
Nd2 dxe5 16. d5 Nf4 17. Bxg4 Nxg2 18. dxe6 fxe6 19. Bg3 Nxe1 20. Rxe1 Nc5 21.
Nde4 Nxe4 22. Nxe4 Rd8 23. Qe2 Rd4 24. Nd2 e4 25. Nb3 Rd7 26. Bh4 Qf7 27. Kb1
Kh8 28. Rg1 Qf4 29. Bg3 Qf6 30. h4 Rfd8 31. Qc2 e3 32. f3 Rd2 0-1

[Event "49th Ilmar Raud Memorial"]
[Site "Viljandi"]
[Date "2015.07.03"]
[Round "7.7"]
[White "Sepp, Olav"]
[Black "Vorobjov, Pavel"]
[Result "1-0"]
[WhiteElo "2426"]
[BlackElo "2201"]
[PlyCount "85"]
[EventDate "2015.??.??"]
[EventCountry "EST"]

1. Nf3 d5 2. d3 Nc6 3. Nbd2 e5 4. e4 Nf6 5. c3 Be7 6. b4 a6 7. Be2 O-O 8. O-O
Bg4 9. a3 Re8 10. h3 Bh5 11. Re1 Bf8 12. Qb3 Qd7 13. Bf1 Rad8 14. Bb2 dxe4 15.
dxe4 Qe7 16. c4 Nd7 17. c5 Bxf3 18. Nxf3 g6 19. Bc4 Bg7 20. Bd5 Ndb8 21. Rad1
Rd7 22. Rd3 Red8 23. Red1 h6 24. g3 Kh7 25. h4 Nd4 26. Nxd4 exd4 27. h5 gxh5
28. Rf3 Rf8 29. Rf5 h4 30. e5 hxg3 31. fxg3 Nc6 32. Bxd4 Nxd4 33. Rxd4 c6 34.
Qd3 Kh8 35. Bc4 Rxd4 36. Qxd4 Rd8 37. Qe4 Rd1+ 38. Kg2 Qd8 39. Rxf7 Rd2+ 40.
Kh3 Qg5 41. Qf3 h5 42. e6 Qe5 43. e7 1-0

[Event "49th Ilmar Raud Memorial"]
[Site "Viljandi"]
[Date "2015.07.03"]
[Round "7.8"]
[White "Soskov, Vjacheslav"]
[Black "Berzinsh, Roland"]
[Result "0-1"]
[WhiteElo "2289"]
[BlackElo "2402"]
[PlyCount "56"]
[EventDate "2015.??.??"]
[EventCountry "EST"]

1. e4 e5 2. Nf3 d6 3. d4 exd4 4. Nxd4 Nf6 5. Nc3 Be7 6. Bf4 O-O 7. Qd2 d5 8.
Ndb5 Bb4 9. O-O-O c6 10. Qd4 Na6 11. Bg5 Bc5 12. Qe5 cxb5 13. Rxd5 Nd7 14. Qg3
f6 15. Bh6 Qe7 16. Bxb5 Kh8 17. Bxd7 gxh6 18. Rhd1 Rd8 19. Qg4 Rg8 20. Qh4 Qg7
21. f4 Be7 22. Bxc8 Raxc8 23. Rf5 Qxg2 24. Qxh6 Nb4 25. Rd2 Qg1+ 26. Rd1 Rxc3
27. bxc3 Nxa2+ 28. Kd2 Rg2+ 0-1

[Event "49th Ilmar Raud Memorial"]
[Site "Viljandi"]
[Date "2015.07.03"]
[Round "7.9"]
[White "Smirnov, Artem"]
[Black "Vahtra, Tuuli"]
[Result "1-0"]
[WhiteElo "2448"]
[BlackElo "2025"]
[PlyCount "97"]
[EventDate "2015.??.??"]
[EventCountry "EST"]

1. d4 e6 2. c4 d5 3. Nc3 c6 4. Nf3 dxc4 5. a4 Bb4 6. g3 b5 7. Bg2 Bb7 8. O-O a6
9. Ne5 f6 10. Nf3 Ne7 11. Bh3 Bc8 12. Na2 Ba5 13. b3 cxb3 14. Qxb3 Qd5 15. Qc2
Qh5 16. Bg2 O-O 17. Ba3 Ra7 18. Bc5 Rd7 19. Nc1 Bc7 20. Nb3 Re8 21. e4 g5 22.
Rfe1 Ng6 23. axb5 cxb5 24. d5 Ne5 25. Nxe5 Bxe5 26. Bd4 Bxd4 27. Nxd4 e5 28.
Nf5 Rdd8 29. g4 Qg6 30. Red1 Kh8 31. Rac1 Qf7 32. Qc5 Qf8 33. d6 Bd7 34. Qb6
Qf7 35. Rc7 Qe6 36. Rdc1 Rf8 37. Bf3 Rfe8 38. Qe3 a5 39. Kg2 a4 40. h4 Qg8 41.
Nh6 Qg6 42. hxg5 fxg5 43. Rh1 Rf8 44. Nf5 Rxf5 45. exf5 Qxd6 46. Qxg5 Rf8 47.
Rhc1 Bxf5 48. gxf5 Rg8 49. Rxh7+ 1-0

[Event "49th Ilmar Raud Memorial"]
[Site "Viljandi"]
[Date "2015.07.03"]
[Round "7.10"]
[White "Dragun, Valentin"]
[Black "Shishkov, Andrei"]
[Result "0-1"]
[WhiteElo "2099"]
[BlackElo "2387"]
[PlyCount "116"]
[EventDate "2015.??.??"]
[EventCountry "EST"]

1. e4 c5 2. Nf3 d6 3. Bb5+ Bd7 4. Bxd7+ Nxd7 5. O-O Ngf6 6. Qe2 Rc8 7. b3 g6 8.
Bb2 Bg7 9. c4 O-O 10. d3 a6 11. Nc3 Re8 12. h3 Nh5 13. Qd2 Qa5 14. g4 Nf4 15.
Qxf4 Bxc3 16. Bxc3 Qxc3 17. Qe3 b5 18. Qe2 Nf8 19. Rac1 Qf6 20. Ne1 e5 21. Ng2
Ne6 22. Qe3 g5 23. Qd2 b4 24. Qd1 Nf4 25. Qf3 Re6 26. Ra1 Rb8 27. Rfd1 Re7 28.
Nxf4 exf4 29. d4 Rbe8 30. dxc5 dxc5 31. Re1 Rxe4 32. Rxe4 Qxa1+ 33. Kg2 Rd8 34.
Re7 Qf6 35. Qe4 Rd2 36. Re5 f3+ 37. Kg3 Re2 38. Qa8+ Kg7 39. Re4 Rxa2 40. Qd5
Re2 41. h4 Rxe4 42. Qxe4 Qf4+ 43. Qxf4 gxf4+ 44. Kxf4 a5 45. Ke3 h5 46. g5 f6
47. g6 Kxg6 48. Ke4 f5+ 49. Ke3 Kf6 50. Kd2 Ke5 51. Ke3 f4+ 52. Kd2 Kf5 53. Kd3
Kg4 54. Ke4 Kxh4 55. Kd5 a4 56. bxa4 b3 57. a5 b2 58. a6 b1=Q 0-1

[Event "49th Ilmar Raud Memorial"]
[Site "Viljandi"]
[Date "2015.07.03"]
[Round "7.11"]
[White "Sirosh, Ilja"]
[Black "Chukavin, Kirill"]
[Result "1-0"]
[WhiteElo "2314"]
[BlackElo "2096"]
[PlyCount "51"]
[EventDate "2015.??.??"]
[EventCountry "EST"]

1. d4 Nf6 2. c4 e6 3. g3 d5 4. Nf3 Be7 5. Bg2 O-O 6. O-O b6 7. Ne5 Bb7 8. Nc3
Nbd7 9. Qa4 c6 10. Rd1 Qc7 11. Bf4 Bd6 12. Nxd7 Nxd7 13. Bxd6 Qxd6 14. e4 a6
15. cxd5 exd5 16. Qb3 dxe4 17. Nxe4 Qg6 18. Nc5 Bc8 19. Nxd7 Bxd7 20. Qxb6 Rab8
21. Qc7 Bg4 22. Rd2 Rfc8 23. Qf4 Be6 24. Bxc6 Bxa2 25. Be4 Qb6 26. Rxa2 1-0

[Event "49th Ilmar Raud Memorial"]
[Site "Viljandi"]
[Date "2015.07.03"]
[Round "7.12"]
[White "Tominga, Eke"]
[Black "Vovk, Ilja"]
[Result "1-0"]
[WhiteElo "2036"]
[BlackElo "2283"]
[PlyCount "85"]
[EventDate "2015.??.??"]
[EventCountry "EST"]

1. e4 g6 2. d4 Bg7 3. Nc3 d6 4. Be3 c6 5. Qd2 Nd7 6. f3 b5 7. a4 b4 8. Nd1 a5
9. c3 bxc3 10. bxc3 Ngf6 11. Bh6 O-O 12. h4 e5 13. h5 d5 14. Nf2 Qe7 15. Ne2 c5
16. Ng3 Bxh6 17. Qxh6 exd4 18. cxd4 cxd4 19. Be2 Nc5 20. Qg5 Re8 21. Rc1 Ne6
22. Qe5 Bb7 23. Bb5 Rec8 24. O-O dxe4 25. fxe4 Qd8 26. h6 d3 27. Bxd3 Qd4 28.
Qxd4 Nxd4 29. Bc4 Rf8 30. e5 Ne8 31. Nfe4 Bxe4 32. Nxe4 Ra7 33. Ng5 Re7 34.
Nxf7 Ne6 35. Ng5 N8c7 36. Rf6 Rfe8 37. Rd1 Kh8 38. Nxe6 Nxe6 39. Rxe6 Rxe6 40.
Bxe6 g5 41. Bc4 g4 42. e6 g3 43. e7 1-0

[Event "49th Ilmar Raud Memorial"]
[Site "Viljandi"]
[Date "2015.07.03"]
[Round "7.13"]
[White "Dubrovin, Robert"]
[Black "Jezov, Roman"]
[Result "1/2-1/2"]
[WhiteElo "2230"]
[BlackElo "2258"]
[PlyCount "28"]
[EventDate "2015.??.??"]
[EventCountry "EST"]

1. Nf3 c5 2. g3 b6 3. Bg2 Bb7 4. O-O Nf6 5. a4 a6 6. d3 d6 7. c3 e6 8. b4 cxb4
9. cxb4 d5 10. Ba3 Bd6 11. Qb3 O-O 12. Nbd2 Nbd7 13. Rfe1 Rc8 14. e4 Qc7
1/2-1/2

[Event "49th Ilmar Raud Memorial"]
[Site "Viljandi"]
[Date "2015.07.03"]
[Round "7.14"]
[White "Ruus, Rein"]
[Black "Shvyrjov, Igor"]
[Result "0-1"]
[WhiteElo "1782"]
[BlackElo "2433"]
[PlyCount "104"]
[EventDate "2015.??.??"]
[EventCountry "EST"]

1. e4 g6 2. d4 Bg7 3. Nf3 d6 4. Nc3 c6 5. Be2 b5 6. Bg5 Nd7 7. a3 Qc7 8. O-O h6
9. Bf4 e5 10. Bg3 a6 11. dxe5 dxe5 12. Nh4 Ngf6 13. b4 O-O 14. Kh1 Re8 15. Qd2
Bb7 16. Rad1 Rad8 17. f3 Nh5 18. Bf2 Nf4 19. g3 Ne6 20. Be3 Kh7 21. Rf2 Nd4 22.
Bf1 Nf8 23. Qc1 Bc8 24. Ne2 Be6 25. Ng1 c5 26. bxc5 Nd7 27. c4 bxc4 28. Bxc4
Nxc5 29. Bxe6 Rxe6 30. Qc4 Rc6 31. Qf1 Qa5 32. Bc1 Rdc8 33. Bb2 Nce6 34. f4
exf4 35. gxf4 Qh5 36. Ngf3 Nxf3 37. Nxf3 Bxb2 38. Rxb2 Nxf4 39. Rb7 R8c7 40.
Rxc7 Rxc7 41. Qf2 Rc2 42. Rd2 Rc1+ 43. Ng1 Rxg1+ 44. Qxg1 Qf3+ 45. Rg2 Qxe4 46.
Qf2 Qxg2+ 47. Qxg2 Nxg2 48. Kxg2 Kh8 49. a4 a5 50. Kf3 f5 51. Kf4 Kg7 52. h4
Kf6 0-1

[Event "49th Ilmar Raud Memorial"]
[Site "Viljandi"]
[Date "2015.07.03"]
[Round "7.15"]
[White "Raudsepp, Teet"]
[Black "Narva, Mai"]
[Result "0-1"]
[WhiteElo "1775"]
[BlackElo "2252"]
[PlyCount "90"]
[EventDate "2015.??.??"]
[EventCountry "EST"]

1. d4 Nf6 2. c4 e6 3. Nc3 d5 4. e3 c5 5. dxc5 Bxc5 6. Nf3 Nc6 7. a3 O-O 8. b4
Bb6 9. c5 Bc7 10. Nb5 Bb8 11. Bb2 e5 12. Qc2 Qe7 13. Nd6 Bxd6 14. cxd6 Qxd6 15.
b5 e4 16. Nd4 Ne5 17. Rc1 Nfd7 18. Qc3 Qg6 19. f4 Ng4 20. Nf5 Qf6 21. Ne7+ Kh8
22. Nxd5 Qh6 23. h3 Ngf6 24. Nxf6 Qh4+ 25. Kd1 Nxf6 26. Qe1 Bg4+ 27. Be2 Bxe2+
28. Kxe2 Qh5+ 29. Kf2 Qxb5 30. Bd4 Nd5 31. Qd2 Rfd8 32. Rb1 Qa6 33. Qb2 f6 34.
Rhc1 b6 35. g4 Qb7 36. Rc2 Rac8 37. Rbc1 Rxc2+ 38. Qxc2 Qe7 39. Qc6 h6 40. Qa4
Qd6 41. Rc6 Qd7 42. Qc2 Nxf4 43. Qxe4 Nxh3+ 44. Kg3 Ng5 45. Qh1 Re8 0-1

[Event "49th Ilmar Raud Memorial"]
[Site "Viljandi"]
[Date "2015.07.03"]
[Round "7.16"]
[White "Kanep, Siim"]
[Black "Lumiste, Rene"]
[Result "1-0"]
[WhiteElo "2161"]
[BlackElo "1889"]
[PlyCount "75"]
[EventDate "2015.??.??"]
[EventCountry "EST"]

1. d4 Nf6 2. Nf3 e6 3. g3 c5 4. c4 d5 5. Bg2 Nc6 6. O-O dxc4 7. dxc5 Qxd1 8.
Rxd1 Bxc5 9. Nbd2 Nd5 10. Nxc4 b5 11. Nce5 Bb7 12. Nxc6 Bxc6 13. Bd2 Rc8 14.
Rac1 Bb6 15. Ne5 Bb7 16. Rxc8+ Bxc8 17. Bxd5 exd5 18. Be3 Bxe3 19. fxe3 Be6 20.
Nc6 Kd7 21. Nb4 a5 22. Nxd5 Bxd5 23. Rxd5+ Kc6 24. e4 Re8 25. Rd4 f5 26. exf5
Rxe2 27. Rg4 Rxb2 28. Rxg7 Rxa2 29. f6 Kd6 30. Rb7 Ra1+ 31. Kf2 Ra2+ 32. Ke3
Ra3+ 33. Kf4 Kc6 34. Re7 Ra1 35. f7 Rf1+ 36. Ke5 a4 37. Re6+ Kd7 38. Rf6 1-0

[Event "49th Ilmar Raud Memorial"]
[Site "Viljandi"]
[Date "2015.07.03"]
[Round "7.17"]
[White "Ivanov, Platon-Jaan"]
[Black "Petrov, Dmitri"]
[Result "0-1"]
[WhiteElo "1853"]
[BlackElo "1889"]
[PlyCount "94"]
[EventDate "2015.??.??"]
[EventCountry "EST"]

1. d4 d5 2. c4 e5 3. cxd5 Qxd5 4. dxe5 Qxd1+ 5. Kxd1 Nc6 6. Nf3 Bc5 7. Bf4 Bf5
8. Nbd2 O-O-O 9. Rc1 Bb6 10. a3 Nge7 11. e3 Ng6 12. Bg3 Rhe8 13. Bb5 Bd7 14.
Ke2 Ngxe5 15. Bxe5 Nxe5 16. Bxd7+ Nxd7 17. Nc4 Bc5 18. b4 Be7 19. Rhd1 Nb8 20.
Rxd8+ Rxd8 21. Nd4 Bf6 22. Rd1 Rd5 23. f4 b6 24. Nc2 Rxd1 25. Kxd1 Kd7 26. Kd2
Nc6 27. e4 b5 28. N4e3 a5 29. Nd5 Bb2 30. Kd3 a4 31. Nc3 Na7 32. e5 c6 33. Ne4
Nc8 34. Nc5+ Ke7 35. Nd4 Bxd4 36. Kxd4 Nb6 37. Nd3 Nc4 38. Kc5 Kd7 39. f5 Nxa3
40. e6+ fxe6 41. fxe6+ Kxe6 42. Kxc6 Kf5 43. Kd5 Nc2 44. Kc5 Ke4 45. Nc1 Nd4
46. Na2 Kd3 47. Kd5 Nb3 0-1

[Event "49th Ilmar Raud Memorial"]
[Site "Viljandi"]
[Date "2015.07.03"]
[Round "7.18"]
[White "Sirp, Karl Aleksander"]
[Black "Haavamae, Henrik"]
[Result "1-0"]
[WhiteElo "1767"]
[BlackElo "2055"]
[PlyCount "135"]
[EventDate "2015.??.??"]
[EventCountry "EST"]

1. e4 c5 2. d4 cxd4 3. c3 d3 4. Nf3 Nc6 5. Bxd3 d6 6. h3 Nf6 7. O-O e6 8. Bf4
e5 9. Bg5 Be7 10. Qe2 O-O 11. Bxf6 Bxf6 12. Bc4 Ne7 13. Rd1 Ng6 14. Na3 Be7 15.
Nc2 Nf4 16. Qd2 Be6 17. Ne3 Rc8 18. Bb3 Rc6 19. Qc2 Rc5 20. Rd2 b5 21. Rad1 Qc7
22. Qb1 Bc4 23. Bxc4 bxc4 24. Nd5 Nxd5 25. Rxd5 Rb8 26. Rxc5 Qxc5 27. Rd5 Qa3
28. bxa3 Rxb1+ 29. Kh2 Rc1 30. Ra5 Rxc3 31. Rxa7 Bf8 32. Ng5 Rc2 33. Rc7 c3 34.
Kg3 g6 35. Rc8 Kg7 36. Rc7 Kg8 37. Rc8 h6 38. Nf3 f5 39. Nh4 f4+ 40. Kf3 Kf7
41. Nxg6 Bg7 42. Nh4 d5 43. exd5 Bf8 44. Ke4 Rc1 45. Kd3 e4+ 46. Kxe4 Bxa3 47.
Kd3 Rd1+ 48. Kc2 Rc1+ 49. Kb3 Bb2 50. Nf5 Kf6 51. Nd6 Ke5 52. Nb5 Rg1 53. d6
Ke6 54. Re8+ Kd7 55. Re7+ Kc6 56. d7 Rd1 57. Nxc3 Rd2 58. d8=Q Rxd8 59. Kxb2
Rd2+ 60. Kb3 Rxf2 61. Re2 Rf1 62. a4 Kc5 63. a5 Kd4 64. a6 f3 65. gxf3 Rxf3 66.
Rd2+ Kc5 67. Rd5+ Kb6 68. Rd6+ 1-0